Most Fragile Countries by Continent - Statistics

General Stats
  • This quiz has been taken 32 times
  • The average score is 19 of 25
Answer Stats
Country % Correct
Venezuela
100%
Colombia
96%
Ukraine
96%
Brazil
88%
Haiti
88%
Belarus
85%
Peru
85%
Afghanistan
81%
Democratic Republic of the Congo
81%
Somalia
81%
Russia
77%
Syria
77%
Bolivia
73%
Honduras
73%
South Sudan
73%
Myanmar
69%
Serbia
69%
Sudan
69%
Yemen
69%
Central African Republic
65%
Bosnia and Herzegovina
62%
Guatemala
62%
Lebanon
62%
Mexico
62%
Nicaragua
58%
No matching quizzes found
Score Distribution
Percent of People with Each Score
Percentile by Number Answered
Your Score History
You have not taken this quiz